000 00493nam a2200157 4500
020 _a9781787333765
040 _cNUSt
082 _a909,HAR
245 _aThe Phenomenal bestseller sapiens a graphic history :
_bthe pillars of civilization (Vol-2) /
_cYuval Noah Harari, David Vandermeulen, Daniel Casanave
260 _aUK
_bVintage
_c2021
300 _a253 Pages
440 _vVol-2
505 _aContents not Available
650 _aGraphic History
_9128987
942 _2ddc
_cBK
_k909,HAR
999 _c613741
_d613741